| 000 | 01290nam a2200229Ia 4500 | ||
|---|---|---|---|
| 003 | Ost | ||
| 005 | 20260416102358.0 | ||
| 008 | 260416s9999||||xx |||||||||||||| ||und|| | ||
| 040 | _cfsecg | ||
| 041 | _aara | ||
| 082 | _a657.46 | ||
| 100 |
_aحابي،أحمد _eمؤلف |
||
| 245 | 0 |
_aالمحاسبة التحليلية : _bدروس و تمارين / _cأحمد حابي |
|
| 260 |
_aالجزائر _bجامعة الجزائر3: كلية العلوم الإقتصادية، العلوم التجارية وعلوم التسيير _c2020 |
||
| 300 |
_a123 ورقة _bايضاحات _c30 سم |
||
| 504 | _aمراجع ص.123 | ||
| 520 | _aعموميات حول المحاسبة التحليلية ، محاسبة المواد(طرق تقييم المخزون)،طريقة التكاليف الكلية (الاقسام المتجانسة)،الحالات الخاصة في حساب تكلفة الانتاج ، طريقة التكاليف المتغيرة ،طريقة التحميل العقلاني للتكاليف. | ||
| 653 | _aالمحاسبة | ||
| 653 | _aالمحاسبة التحليلية | ||
| 710 |
_aجامعة الجزائر3: كلية العلوم الإقتصادية، العلوم التجارية وعلوم التسيير _eناشر علمي |
||
| 942 | _cHANDOUT | ||
| 999 |
_c41318 _d41318 |
||